World Capitals starting with L (with hints) - Statistics

General Stats
  • This quiz has been taken 39 times
  • The average score is 8 of 11
Answer Stats
Continent Capital % Correct
South America Lima
100%
Europe London
97%
Europe Lisbon
90%
Europe Luxembourg
83%
Africa Luanda
73%
South America La Paz
70%
Europe Ljubljana
67%
Africa Lusaka
63%
Africa Lilongwe
60%
Africa Libreville
53%
Africa Lomé
53%
No matching quizzes found
Score Distribution
Percent of People with Each Score
Percentile by Number Answered
Your Score History
You have not taken this quiz